Diplomacia franquista y política cultural hacia iberoamerica 1939-1953

Salvato in:
Dettagli Bibliografici
Autore principale: Delgado Gómez-Escalonilla, Lorenzo (Autore)
Natura: Libro
Lingua:spagnolo
Pubblicazione: Madrid C.S.I.C., Centro de Estudios Históricos 1988
Serie:Colección Monografías del Centro de Estudios Históricos, 6
Soggetti:
Tags: Aggiungi Tag
Nessun Tag, puoi essere il primo ad aggiungerne!!

MARC

LEADER 00000nam a2200000 a 4500
001 UCX4635
003 CL-VaPUC
008 920630e19880000SP |||||||||||||||||spa|d
020 |a 8400068920 
082 0 4 |a 327  |b DEL  |2 21 
100 0 |a Delgado Gómez-Escalonilla, Lorenzo  |e author  |9 320858 
245 1 0 |a Diplomacia franquista y política cultural hacia iberoamerica 1939-1953 
300 |a 294 p 
942 |c BK 
945 |d 19920630 00:00:00 
260 |a Madrid  |b C.S.I.C., Centro de Estudios Históricos  |c 1988 
650 0 |a Relaciones culturales   |9 320859 
650 0 |a Relaciones Exteriores  |9 255379 
651 0 |a España  |9 254926 
651 0 |a América Latina   |9 255027 
583 |a last modification  |c 19920630 00:00:00  |k Rodrigo Vera 
490 0 |a Colección Monografías del Centro de Estudios Históricos, 6 
999 |c 225051  |d 225049 
952 |0 0  |1 0  |4 0  |6 327_000000000000000_DEL_1988  |7 0  |8 A  |9 222218  |a BIBHIS  |b BIBHIS  |d 2019-11-15  |i 2910683  |o 327 DEL 1988  |p 2910683  |r 2025-01-20  |w 2019-11-15  |y BK  |k HIS 
952 |0 0  |1 0  |4 0  |6 327_000000000000000_DEL_1988  |7 0  |8 A  |9 222219  |a BIBHIS  |b BIBHIS  |d 2019-11-15  |i 431400K  |o 327 DEL 1988  |p 431400K  |r 2025-01-20  |w 2019-11-15  |y BK  |k HIS